Древен Израел (Запис номер 18787)
[ съкратено ]
| 000 -Лидер | |
|---|---|
| Контролно поле с фиксирана дължина | 01864nam a2200433 c 4500 |
| 003 - Код на организацията, давaща контролен номер | |
| Контролно поле | BLK |
| 005 - Дата и час на последна редакция | |
| Контролно поле | 20190402120646.0 |
| 008 - Елементи от данни с фиксирана дължина | |
| fixed length control field | 180413b bul|||||r ||||||| ||bul|| |
| 010 ## - Наследен системен номер | |
| LC control number | KNG00020864000 |
| 020 ## - Международен стандартен номер на книга ISBN | |
| Международен стандартен номер на книга ISBN | 954-9513-26-2(т |
| -- | издат.: Мириам |
| 040 ## - Източник на каталожния запис | |
| Идентификатор на билиотеката - собственик на записа | BLK |
| 041 ## - Код за език | |
| Код за езика на текст/звукозапис или на отделно заглавие | Български |
| Код за езика КДБФ | Български |
| 080 ## - УДК | |
| Текстов определител УДК | Семитски религии : арамейска, вавилонска, асирийска, сирийска, староизраелска |
| УДК код - определител по УДК | 299.2 |
| УДК определител | |
| УДК - код + определител | 299.2 |
| 080 ## - УДК | |
| Текстов определител УДК | Митологични сказания и сюжети |
| УДК код - определител по УДК | 398.22 |
| УДК определител | (569.4) |
| УДК - код + определител | 398.22(569.4) |
| 100 1# - Редна дума - Автор | |
| Автор | Раппопорт, Анжело С. |
| Авторска отговорност | първи автор |
| R(LIN) | 263175 |
| 139 ## - Редно поле | |
| Редна дума | Раппопорт, Анжело С. |
| Авторски знак | Рап - Р 37 |
| 245 10 - Сведения за заглавието | |
| Заглавие | Древен Израел |
| Подзаглавни данни | Т. 1 - |
| Редно поле (дума) | Анжело С. Раппопорт; прев. от англ. Иван Робанов. |
| Том | Т. 2 |
| 257 ## - Страна на издаване | |
| Страна на създаване/издаване | Съединени американски щати |
| 260 ## - Област на издателските данни | |
| -- | София |
| Име на издателя, разпространителя и проч. | Мириам |
| Година на издаване | 1997 - |
| 300 ## - Физическа характеристика | |
| Размери/Мащаб | 24 см |
| 380 ## - Жанр | |
| Жанр | Религия. Теология |
| 490 1# - СЕРИИ (Колекции) | |
| Име на серия | Енциклопедия : Митове и легенди |
| 500 ## - Общи забележки | |
| Забележка | Ориг. загл. Ancient Izrael / Angelo S. Rappopr. - Офс. изд. |
| 650 #4 - Допълнително описание по предмет – тема | |
| Основно описание – тема или топоним | Митология - Древен Израел |
| 9 (RLIN) | 263176 |
| 650 #4 - Допълнително описание по предмет – тема | |
| Основно описание – тема или топоним | Народни вярвания, еврейски |
| 9 (RLIN) | 263178 |
| 653 ## - Ключова дума – ненормативна | |
| Ключова дума | Израел |
| 653 ## - Ключова дума – ненормативна | |
| Ключова дума | митове |
| 653 ## - Ключова дума – ненормативна | |
| Ключова дума | легенди |
| 653 ## - Ключова дума – ненормативна | |
| Ключова дума | народни вярвания |
| 653 ## - Ключова дума – ненормативна | |
| Ключова дума | еврейски митове |
| 653 ## - Ключова дума – ненормативна | |
| Ключова дума | евреи |
| 700 1# - Други автори (авторска отговорност) | |
| Лично име | Робанов, Иван |
| Автороска отговорност (Описва отношението между автора и произведението) | прев. от англ. |
| Друга информация | Димитров, Иван Георгиев |
| 9 (RLIN) | 365227 |
| 760 1# - Описание на основната серия | |
| Редна дума на основното описание | Раппопорт, Анжело С. |
| Място на издаване, издател и година | 1998 |
| Страници - том | 302 с. |
| Забележка - том | 1 120 тир. - Библиогр. с. 295-297. |
| Заглавие | Т. 2 |
| 852 ## - Местоположение | |
| Форматна сигнатура | Цб 194917 |
| 856 4# - Електронен адрес и достъп | |
| Електронен формат | pdf - файл |
| Път до файла /url/ | |
| 856 4# - Електронен адрес и достъп | |
| Електронен формат | pdf - файл |
| Път до файла /url/ | |
| 942 ## - АРТИКУЛИ | |
| Вид на библиотечния материал | Книги |
| Скрит в OPAC | Не |
| Koha issues (borrowed), all copies | 1 |
| 944 ## - СЪЗДАВАНЕ И РЕДАКЦИЯ на ЗАПИСА | |
| Създаване/Редакция | Създаване |
| Дата на регистрацията/редакция | 30.04.2003 |
| Служител, извършил регистрацията/редакцията | Кети_Илиева |
| 944 ## - СЪЗДАВАНЕ И РЕДАКЦИЯ на ЗАПИСА | |
| Създаване/Редакция | Редакция |
| Дата на регистрацията/редакция | 09.06.2005 |
| Служител, извършил регистрацията/редакцията | |
| 999 ## - СИСТЕМНИ КОНТРОЛНИ НОМЕРА | |
| Koha biblionumber | 18787 |
| Koha biblioitemnumber | 18787 |
| Код за отписване | Код за изгубен артикул | Източник на класификационната схема | Код за повреда | Коз за рестрикции | Код за отдаване | Артикулен № | Име на библиотеката - собственик | Име на библиотеката, в която се намира в момента | Статус (Текущо местоположение) | Дата на вписване в системата | Местоположение - отдел | Цена в лева | Инвентарен номер | Систематично азбучна сигнатура | Баркод | Номер на екземпляра | Цена в евро | Служебна бележка | Служебен тип на артикула |
|---|---|---|---|---|---|---|---|---|---|---|---|---|---|---|---|---|---|---|---|
| Не е изгубен | Universal Decimal Classification | Не е повреден | без рестрикции | ползва се в читалня | 31404 | Регионална библиотека "Любен Каравелов" Русе | Регионална библиотека "Любен Каравелов" Русе | Хранилище | 2001-01-01 | Хранилище | 0.00 | 642323 | Цб 194917 | 120000642323 | 1 | 0.00 | Дост: Dp Вид: Д N: стар фонд Дата: 01.01.1998 | Книги | |
| Изтеглен | Не е изгубен | Не е повреден | без рестрикции | заемане за дома | 31405 | Регионална библиотека "Любен Каравелов" Русе | Регионална библиотека "Любен Каравелов" Русе | Детски отдел | 2003-04-18 | Детски отдел | 6.50 | 120000675897 | ДН 2/Р 37 | 120000675897 | 2 | 3.32 | Дост: DA Вид: А N: 11 Дата: 16.04.2003 Дата инв: 26.08.2015 Бележки инв: Д2015 | Книги | |
| Не е изгубен | Universal Decimal Classification | Не е повреден | без рестрикции | заемане за дома | 31406 | Регионална библиотека "Любен Каравелов" Русе | Регионална библиотека "Любен Каравелов" Русе | Заемна - подръчен фонд | 1998-01-01 | Заемна - подръчен фонд | 6.50 | 640147 | П 29/Р 37 | 120000640147 | 3 | 3.32 | Дост: Pk Вид: Ф N: стар фонд Дата: 01.01.1998 Дата инв: 02.02.2018 Бележки инв: П2018 | Книги |